000 01033nam a2200277 i 4500
003 DO-SdBNP
005 20240705085750.0
006 a||||gr|||| 00| 0
007 ta
008 240704e2024 dr ||||| |||| 00| e spa d
020 _a9789945188868
040 _aDO-SdBNP
_bspa
_cBNPHU
_erda
082 4 _222
_bR173q
100 1 _4Ramírez Herrera, Carolina
_eautora
245 1 3 _aLo que nunca te dirá una agencia de inteligencia:
_b60 datos claves /
_cCarolina Ramírez; editor, Austria G. Holguín C.; prólogo, Almirante Sigfrido Pared Pérez.
246 1 3 _aAgencia de inteligencia:
_bsesenta datos claves
264 1 _aSanto Domingo :
_bSantuario,
_c2024
300 _a273 páginas ;
_c23 cm.
337 _2rdamedia
_asin mediación
_bn
338 _2rdacarrier
_avolumen
_bnc
500 _aincluye datos biográficos de la autora en la solapa de la cubierta.
590 _aInventariado 2024 / MF
700 1 _aHolguín C., Austria G.,
_982036
_eeditor
700 1 _aPared Pérez, Sigfrido,
_972748
_eprólogo
942 _2ddc
_cLBS1
999 _c57167
_d57167